Statistics for French to English colours

Click here to take the quiz!

General Stats

  • This quiz has been taken 91 times
  • The average score is 10 of 10

Answer Stats

FrenchEnglish% Correct
BleuBlue
100%
OrangeOrange
100%
VioletPurple
100%
RougeRed
100%
NoirBlack
99%
VertGreen
99%
GrisGrey
99%
BlancWhite
99%
JauneYellow
96%
MarronBrown
88%

Score Distribution

Percentile by Number Answered

Percent of People with Each Score

Your Score History

You have not taken this quiz